| Tag |
First Indicator |
Second Indicator |
Subfields |
| LEADER |
00000cam a2200000 a 4500 |
| 001 |
in00001047921 |
| 005 |
20150929082845.0 |
| 008 |
910227s1991 paua b 101 0 eng |
| 010 |
|
|
|a 91009864
|
| 020 |
|
|
|a 1558990798
|
| 035 |
|
|
|a (OCoLC)23355565
|
| 035 |
|
|
|9 AFJ7536AM
|
| 040 |
|
|
|a DLC
|c DLC
|d TXA
|d UtOrBLW
|
| 049 |
|
|
|a TXAM
|
| 050 |
0 |
0 |
|a TA2005
|b .P532 1991
|
| 082 |
0 |
0 |
|a 621.044
|2 20
|
| 245 |
0 |
0 |
|a Plasma processing and synthesis of materials III :
|b symposium held April 17-19, 1990, San Francisco, California, U.S.A. /
|c editors, Diran Apelian, Julian Szekely.
|
| 264 |
|
1 |
|a Pittsburgh, Pa. :
|b Materials Research Society,
|c [1991]
|
| 264 |
|
4 |
|c ©1991
|
| 300 |
|
|
|a xi, 353 pages :
|b illustrations ;
|c 24 cm.
|
| 336 |
|
|
|a text
|b txt
|2 rdacontent
|
| 337 |
|
|
|a unmediated
|b n
|2 rdamedia
|
| 338 |
|
|
|a volume
|b nc
|2 rdacarrier
|
| 490 |
1 |
|
|a Materials Research Society symposium proceedings,
|x 0272-9172 ;
|v v. 190
|
| 504 |
|
|
|a Includes bibliographical references and indexes.
|
| 650 |
|
0 |
|a Plasma engineering
|v Congresses.
|
| 650 |
|
0 |
|a Plasma spraying
|v Congresses.
|
| 650 |
|
0 |
|a Plasma etching
|v Congresses.
|
| 650 |
|
0 |
|a Electronics
|x Materials
|v Congresses.
|
| 650 |
|
0 |
|a Composite materials
|v Congresses.
|
| 700 |
1 |
|
|a Apelian, Diran.
|
| 700 |
1 |
|
|a Szekely, Julian,
|d 1934-
|
| 830 |
|
0 |
|a Materials Research Society symposia proceedings.
|
| 999 |
|
|
|a MARS
|
| 999 |
f |
f |
|s 4e88e3b6-655e-383d-b12b-10ded56481e9
|i 2a61a116-9b2c-3225-a735-13913ca17b24
|t 0
|
| 952 |
f |
f |
|p ric
|a Texas A&M University
|b Rellis Campus
|c Joint Library Facility
|d Remote Storage
|t 0
|e TA2005 .P532 1991
|h Library of Congress classification
|i unmediated -- volume
|m A14815460369
|
| 998 |
f |
f |
|a TA2005 .P532 1991
|t 0
|l Remote Storage
|